| 000 | 00874cam a2200193 4500 | ||
|---|---|---|---|
| 001 | L137171 | ||
| 008 | 070320s2006 xxk f 000 0 eng d | ||
| 035 | _a(Sirsi) u137171 | ||
| 041 | 0 | _aeng | |
| 110 | 2 |
_aCB Richard Ellis _93675 |
|
| 245 | 0 | 0 |
_aGlobal investmentview _byear end 2006 _h[electronic resource] |
| 260 |
_aLos Angeles _bCBRE _c2006 |
||
| 520 | _aDiscusses global office investment in the major markets, trends in yields and capitalization rates, and inter-regional investment. Reports rising global office investment, increased inter-regional investment, increased global investment competition, and falling yields and capitalization rates. | ||
| 590 | _aKA | ||
| 651 | 4 | _aInternational | |
| 690 | _aPROPERTY-COMMERCIAL PROPERTY-COMMERCIAL PROPERTY MARKET | ||
| 856 | 4 | 0 |
_uhttps://www.cbre.com/ _zView the item free of charge at www.cbre.com... |
| 942 | _n0 | ||
| 999 |
_c106674 _d106674 |
||